Responses for show #4619 - Thursday, October 7, 2004

Ken Jennings game 52.

Contestants

[<< previous game]

Jennifer Lord, a teacher from Wilmington, Delaware

Steve Kornya, a courier from Baltimore, Maryland

Ken Jennings, a software engineer from Salt Lake City, Utah (whose 51-day cash winnings total $1,738,100)

[next game >>]

Jeopardy! Round responses

THE OLYMPICS
TRACK & FIELD
CYCLING
"LONG" JUMP
POLL VAULT
JIM-NASTICS
    $200 26
Jim Thorpe

Steve
    $200 19
San Francisco

Jennifer
    $200 16
the moon

Jennifer
    $200 11
Long John Silver

Ken
    $200 6
rice pudding

Ken
    $200 1
governor of Georgia

Ken
    $400 27
(Ken: What is Sweden?)

Norway

KenJennifer
    $400 22
(Steve: What is [*]?)
(Alex; Yeah, see that?)
(Steve: There we go, thank you grandma!)

Hungary

Steve
    $400 17
an annual

Ken
    $400 12
Long Island

Ken
    $400 7
Betty Crocker

Ken
    $400 2
the Teamsters

Jennifer
    $600 28
(Ken: What is the horse?)
(Alex: Be more specific.)
(Ken: The gymnastics horse?)
(Alex: Nope, can't accept it.)

the pommel horse

KenSteve
    $600 23
Valdez

Ken
    $600 18
a cicada

Steve
    $600 13
Huey Long

Ken
    $600 8
the Stratosphere

Ken
    $600 3
(Jimmy) Durante

Ken
    $2,400 29
Greco-Roman wrestling

Steve
    $800 24
Edwards

Steve
    $800 20
sunspots

Ken
    $800 14
the longbow

Ken
    $800 9
Aeroflot

Ken
    $800 4
the Lizard King

Ken
    $1000 30
(Steve: What is rowing?)

coxswain

Steve
Triple Stumper
    $1000 25
Churchill

Steve
    $1000 21
the water cycle

Ken
    $1000 15
longitude

Ken
    $1000 10
Johns Hopkins

Jennifer
    $1000 5
Jim Bowie

Ken

Scores at the first commercial break (after clue 15):

Ken Steve Jennifer
$7,600 $0 $1,400

Scores at the end of the Jeopardy! Round:

Ken Steve Jennifer
$9,400 $5,000 $2,200

Double Jeopardy! Round responses

THE UNIVERSITY OF CHICAGO
THIS MOVIE IS "DEAD"
CLASSICAL MUSIC
MRS. LINCOLN
SHAKESPEARE'S KINGS & QUEENS
WHITE HOUSE BEFORE & AFTER
    $400 16
football

Jennifer
    $400 6
Night of the Living Dead

Ken
    $400 22
Mozart

Ken
    $400 21
vote

Ken
    $400 1
Cleopatra

Ken
    $400 11
George W. Bush pilot

Ken
    $800 17
Style

Ken
    $800 7
Dead Men Don't Wear Plaid

Jennifer
    $800 23
symphonies

Ken
    $800 27
Springfield

Ken
    $800 2
Lear

Ken
    $800 12
Condi Rice Krispies

Ken
    $1200 18
(Enrico) Fermi

Ken
    $1200 8
The Dead Pool

Steve
    $1200 24
(Ken: Who is Strauss?)

Antonin Dvorák

Ken
Triple Stumper
    $1,800 28
Todd

Ken
    $1200 3
Duncan

Ken
    $6,400 13
Nathanael West Wing

Ken
    $1600 19
(Steve: What is the Common Core?)

Great Books

Steve
Triple Stumper
    $1600 9
Dead Again

Ken
    $1600 25
a requiem

Jennifer
    $1600 29
her husband's salary

Ken
    $1600 4
Richard III

Ken
    $1600 14
No-Win Situation Room

Triple Stumper
    $2000 20
John D. Rockefeller (Rockefeller Chapel accepted)

Steve
    $2000 10
Dead Calm

Ken
    $2000 26
(Alex: We're going to give it to you. It's called [*], but there were two emperors there. So, you've got it and you get to pick again.)

"The Emperor Waltz" ("The Emperors Waltz" accepted)

Steve
    $2000 30
Sarah Bernhardt

Ken
    $2000 5
(Queen) Gertrude

Jennifer
    $2000 15
Hoppin' John Ashcroft

Steve

Scores at the end of the Double Jeopardy! Round:

Ken Steve Jennifer
$33,600 $10,600 $7,000
(lock game)

[wagering suggestions for these scores]

Final Jeopardy! Round responses

FAMOUS NAMES
(Alex: [To Ken] "Tail-Gunner Joe", [*] is right.)
JenniferWho is JFK?
$4,000
SteveWho is Senator Ted Kennedy
$3,401
KenWho is Joe McCarthy?
$6,400
(Sen.) Joseph McCarthy

Final scores:

Ken Steve Jennifer
$40,000 $7,199 $3,000
52-day champion: $1,778,100 2nd place: $2,000 3rd place: $1,000

Game dynamics:

Coryat scores:

Ken Steve Jennifer
$27,800 $9,000 $7,000
36 R
(including 2 DDs),
3 W
11 R
(including 1 DD),
2 W
9 R,
0 W

Combined Coryat: $43,800

The J! Archive is created by fans, for fans. The Jeopardy! game show and all elements thereof, including but not limited to copyright and trademark thereto, are the property of Jeopardy Productions, Inc. and are protected under law. This website is not affiliated with, sponsored by, or operated by Jeopardy Productions, Inc. Join the discussion at JBoard.tv.